[Event "3 for a win 1 for a draw"]
[Site "SchemingMind.com"]
[Date "2017.07.22"]
[Round "-"]
[White "cnile"]
[Black "Wojtek26"]
[Result "1-0"]
[WhiteCountry "SCO"]
[BlackCountry "POL"]
[WhiteElo "1551"]
[WhiteRD "62"]
[BlackElo "1558"]
[BlackRD "47"]
[GameID "416398"]

1. e4 e5 2. Nc3 Nf6 3. f4 exf4 4. e5 Ng8 5. Nf3 d6 6. d4 dxe5 7. Nxe5 Qe7 8. Be2 Bf5 9. O-O Nd7 10. Bxf4 Ngf6
11. Bg5 h6 12. Be3 Bg6 13. Bf4 Nxe5 14. Bxe5 c6 15. Bf3 O-O-O 16. Re1 Qb4 17. Qc1 c5 18. a3 Qb6 19. Kh1 cxd4 20. Ne4 Nxe4
21. Bxe4 Bxe4 22. c4 dxc3 23. Qxc3+ Bc6 24. Qh3+ Rd7 25. b4 f6 26. Bg3 g5 27. Rad1 Bg7 28. Re7 Qb5 29. Qe6 Rg8 30. Qxg8+
1-0

[Event "3 for a win 1 for a draw"]
[Site "SchemingMind.com"]
[Date "2017.07.27"]
[Round "-"]
[White "kenneth m day"]
[Black "cnile"]
[Result "1-0"]
[WhiteCountry "USA"]
[BlackCountry "SCO"]
[WhiteElo "1690"]
[WhiteRD "62"]
[BlackElo "1507"]
[BlackRD "64"]
[GameID "416782"]

1. e4 e5 2. f4 exf4 3. Nf3 d5 4. exd5 Nf6 5. d4 Nxd5 6. Bc4 g5 7. Qe2+ Be6 8. Bd2 h6 9. Nc3 Be7 10. O-O-O Rg8
11. Rhe1 c6 12. Nxd5 cxd5 13. Bb3 Nc6 14. Ba4 Qc7 15. Ne5 O-O-O 16. Nxc6 bxc6 17. Qa6+ Kb8 18. Ba5 Qc8 19. Qxc6 Qxc6 20. Bxc6 Bf6
21. Bxd8 Rxd8 22. Rd3 Kc7 23. Ba4 h5 24. Rc3+ Kd6 25. Rc6+ Ke7 26. Rc7+ Kf8 27. Rxa7 Bxd4 28. Rc7 Be3+ 29. Kb1 d4 30. Rd1 Ra8
31. Bb3 Bxb3 32. axb3 Re8 33. Rc5 f6 34. Rc6 Kg7 35. b4 Rb8 36. c3 Rd8 37. b5 d3 38. b6 Rb8 39. Rxd3 Kg6 40. Rdd6 Kf5
41. Rxf6+ Kg4 42. c4 Re8 43. b7 Ba7 44. Rce6 Rd8 45. Rd6 Rb8 46. Rf7 h4 47. b4 h3 48. Rd2 f3 49. gxf3+ Kh5 50. Rd6 g4
51. f4 g3 52. hxg3 Kg4 53. Rg7+ Kf3 54. c5 h2 55. Rh7 Kxg3 56. Rd2 Kxf4 57. Rdxh2 Ke4 58. c6 Kd5 59. c7
1-0

[Event "3 for a win 1 for a draw"]
[Site "SchemingMind.com"]
[Date "2017.07.27"]
[Round "-"]
[White "kenneth m day"]
[Black "Wojtek26"]
[Result "0-1"]
[WhiteCountry "USA"]
[BlackCountry "POL"]
[WhiteElo "1690"]
[WhiteRD "62"]
[BlackElo "1515"]
[BlackRD "52"]
[GameID "416783"]

1. e4 e5 2. Nf3 Nc6 3. d4 exd4 4. c3 g6 5. Nxd4 Nxd4 6. Qxd4 Qf6 7. Nd2 Bg7 8. Nb3 Qxd4 9. Nxd4 d6 10. Bc4 Nf6
11. f3 O-O 12. Bg5 a6 13. O-O-O Nd7 14. h4 Ne5 15. Bb3 Re8 16. h5 h6 17. Be3 g5 18. Nf5 Bxf5 19. exf5 Nxf3 20. gxf3 Rxe3
21. Bd5 c6 22. Bb3 Rae8 23. Rxd6 Rxf3 24. Bc2 Rf2 25. Rd7 Ree2 26. Bb3 Rxb2 27. Rxb7 Bxc3 28. Bxf7+ Kf8 29. Be6 Rfc2+ 30. Kd1 Rd2+
31. Kc1 Rbc2+ 32. Kb1 c5 33. f6 Bxf6 34. Rf1 Rf2 35. Rd1 Rcd2 36. Rc1 Rh2 37. Bf7 Rb2+ 38. Rxb2 Rxb2+ 39. Ka1 Rc2+ 40. Kb1 Rxc1+
41. Kxc1 Kxf7
0-1

[Event "3 for a win 1 for a draw"]
[Site "SchemingMind.com"]
[Date "2017.07.29"]
[Round "-"]
[White "cnile"]
[Black "Phillip Beckett"]
[Result "0-1"]
[WhiteCountry "SCO"]
[BlackCountry "ENG"]
[WhiteElo "1551"]
[WhiteRD "62"]
[BlackElo "1605"]
[BlackRD "57"]
[GameID "416832"]

1. d4 e5 2. dxe5 Nc6 3. Nf3 Qe7 4. Bg5 Qb4+ 5. Nbd2 Qxb2 6. e4 Bb4 7. Bd3 Bxd2+ 8. Bxd2 Nxe5 9. Nxe5 Qxe5 10. O-O Nf6
11. Re1 O-O 12. f4 Qe7 13. a3 c6 14. Qf3 d6 15. h3 Qc7 16. Rab1 Be6 17. Qg3 Nh5 18. Qf2 f5 19. e5 d5 20. Be2 g6
21. Kh1 Ng7 22. Bb4 Rfe8 23. Bd6 Qd7 24. Qh4 Rad8 25. Qg5 b6 26. Rb3 Qf7 27. a4 Rc8 28. Qg3 Red8 29. Ba3 Qd7 30. Bc1 Ne8
31. Qg5 Ng7 32. Rg3 Kf8 33. Rd1 Qe7 34. Qxe7+ Kxe7 35. h4 Ne8 36. h5 Kf7 37. hxg6+ hxg6 38. Kg1 d4 39. Kf2 c5 40. Rh3 Kg7
41. Rdh1 Kf8 42. Rh7 Bg8 43. Rxa7 Ra8 44. Rxa8 Rxa8 45. Bb5 Nc7 46. Rd1 Nxb5 47. axb5 Bd5 48. Bd2 Ra2 49. Rc1 Ke7 50. Kg3 d3
51. Kh3 dxc2 52. Kh4 Bxg2 53. Kg5 Bf3 54. Kxg6 Be4 55. Rh1 Rb2 56. Rh7+ Ke6 57. Rb7 Bxb7
0-1

[Event "3 for a win 1 for a draw"]
[Site "SchemingMind.com"]
[Date "2017.07.30"]
[Round "-"]
[White "kenneth m day"]
[Black "Phillip Beckett"]
[Result "1-0"]
[WhiteCountry "USA"]
[BlackCountry "ENG"]
[WhiteElo "1690"]
[WhiteRD "62"]
[BlackElo "1600"]
[BlackRD "58"]
[GameID "416833"]

1. e4 e5 2. f4 Qh4+ 3. g3 Qe7 4. d3 exf4 5. Bxf4 d5 6. Bg2 dxe4 7. Qe2 exd3 8. Qxe7+ Bxe7 9. cxd3 c6 10. Nf3 Bg4
11. O-O Nf6 12. Re1 Nd5 13. Bd6 Kd7 14. Bxe7 Nxe7 15. Nc3 Bxf3 16. Bxf3 Na6 17. Rad1 Rhe8 18. a3 Ng6 19. Ne4 Ne5 20. Kf2 Nxf3
21. Kxf3 Rad8 22. b4 Kc8 23. Nd6+ Rxd6 24. Rxe8+ Kd7 25. Rh8 h6 26. Ke2 Nc7 27. Kd2 Ne6 28. Re1 c5 29. Re4 cxb4 30. Rxb4 b6
31. Ra8 a5 32. Rc4 Nc7 33. Ra7 Rc6 34. Rf4 f6 35. Rg4 g5 36. Re4 Kd6 37. Rb7 Nd5 38. Rh7 Nc3 39. Rc4 Rxc4 40. dxc4 Ne4+
41. Kd3 Nf2+ 42. Kd4 Ng4 43. h3 Nf2 44. Rxh6 Ke6 45. Ke3 Nd1+ 46. Kd4 Nb2 47. Rh8 Kd6 48. h4 gxh4 49. gxh4 Nd1 50. h5
1-0

[Event "3 for a win 1 for a draw"]
[Site "SchemingMind.com"]
[Date "2017.07.29"]
[Round "-"]
[White "Phillip Beckett"]
[Black "Wojtek26"]
[Result "0-1"]
[WhiteCountry "ENG"]
[BlackCountry "POL"]
[WhiteElo "1605"]
[WhiteRD "57"]
[BlackElo "1558"]
[BlackRD "47"]
[GameID "416834"]

1. e4 e5 2. Nf3 Nc6 3. Bb5 Nge7 4. d3 g6 5. O-O Bg7 6. h3 O-O 7. c3 a6 8. Ba4 b5 9. Bc2 d5 10. exd5 Nxd5
11. Nbd2 Re8 12. Ne4 Bf5 13. Ng3 Bd7 14. Bb3 Nf6 15. Ng5 Re7 16. N3e4 Bf5 17. Nxf6+ Bxf6 18. Nxf7 Qb8 19. Nh6+ Kg7 20. Nxf5+ gxf5
21. Qh5 Qe8 22. Qxe8 Raxe8 23. Be3 Na5 24. Bc5 Rd7 25. Bc2 Nc6 26. f4 exf4 27. Rxf4 Rd5 28. Bf2 Bg5 29. Rf3 Kf6 30. d4 Re2
31. Re1 Rxc2 32. Rf1 Rxb2 33. g4 Rxa2 34. h4 Rxf2 35. R1xf2 Bxh4 36. Rxf5+ Rxf5 37. Rxf5+ Kg6 38. Rc5 Na5 39. Rxc7 Be1 40. Ra7 Bxc3
41. Rxa6+ Kg5 42. d5 Kxg4 43. d6 Nb7 44. d7 Kf5 45. Rb6 Bd4+
0-1

[Event "3 for a win 1 for a draw"]
[Site "SchemingMind.com"]
[Date "2017.07.29"]
[Round "-"]
[White "Mitch The Man"]
[Black "cnile"]
[Result "1-0"]
[WhiteCountry "USA"]
[BlackCountry "SCO"]
[WhiteElo "1376"]
[WhiteRD "62"]
[BlackElo "1475"]
[BlackRD "68"]
[GameID "416837"]

1. e4 c5 2. c4 Nc6 3. Nf3 d6 4. h3 g6 5. a3 Bg7 6. Bd3 a6 7. Nc3 e6 8. O-O Nge7 9. Bc2 O-O 10. Na2 Qb6
11. Ba4 Bxb2 12. Rb1 e5 13. Rxb2 Qc7 14. Bxc6 bxc6 15. d3 Be6 16. Ng5 Bd7 17. Bd2 Rfb8 18. Rxb8+ Rxb8 19. Bc3 Rb3 20. Qxb3 Nc8
21. Nf3 Qb6 22. Qxb6 Nxb6 23. Ba5
1-0

[Event "3 for a win 1 for a draw"]
[Site "SchemingMind.com"]
[Date "2017.07.29"]
[Round "-"]
[White "Mitch The Man"]
[Black "Phillip Beckett"]
[Result "0-1"]
[WhiteCountry "USA"]
[BlackCountry "ENG"]
[WhiteElo "1376"]
[WhiteRD "62"]
[BlackElo "1571"]
[BlackRD "56"]
[GameID "416838"]

1. e4 e5 2. Nf3 Nc6 3. c3 Nf6 4. Bd3 Be7 5. h3 d6 6. O-O h6 7. b4 O-O 8. a4 a6 9. Na3 Nh7 10. Bc2 Ng5
11. Nxg5 Bxg5 12. d3 Bxc1 13. Rxc1 f5 14. Bb3+ Kh7 15. Qe2 f4 16. f3 Qg5 17. Rf2 Bxh3 18. Kf1 Bd7 19. Ke1 Qh4 20. Kd2 a5
21. b5 Ne7 22. Rff1 Ng6 23. Rh1 Qe7 24. Ra1 c6 25. c4 Be6 26. b6 Rfd8 27. Qf2 d5 28. Kc2 dxc4 29. dxc4 Qb4 30. Qe1 Qxe1
31. Raxe1 Rd4 32. Kc3 Rad8 33. Bc2 Ne7 34. Re2 Nc8 35. Rh5 Nxb6 36. Rxe5 Bxc4 37. Rxa5 Bf7 38. Rf5 Bg6 39. Rxf4 Nxa4+ 40. Bxa4 Rxa4
41. Nc4 Rda8 42. Rc2 b5 43. Nd2 Ra3+ 44. Nb3 c5 45. Kd2 Rxb3 46. Rh4 c4 47. Rh1 Raa3 48. Rhc1 Rd3+ 49. Ke2 Re3+ 50. Kf2 Reb3
51. Kg1 c3 52. Kh2 b4 53. Kg3 Ra4 54. Kf4 Rba3
0-1

[Event "3 for a win 1 for a draw"]
[Site "SchemingMind.com"]
[Date "2017.07.30"]
[Round "-"]
[White "kenneth m day"]
[Black "Mitch The Man"]
[Result "1-0"]
[WhiteCountry "USA"]
[BlackCountry "USA"]
[WhiteElo "1690"]
[WhiteRD "62"]
[BlackElo "1363"]
[BlackRD "63"]
[GameID "416839"]

1. e4 e6 2. d4 d6 3. Nc3 Be7 4. Qg4 Bf6 5. Nf3 e5 6. Qg3 Ne7 7. Be3 O-O 8. O-O-O exd4 9. Nxd4 Ng6 10. Bd3 Bd7
11. f4 Nh8 12. Nd5 Bh4 13. Qf3 c6 14. Qh5 cxd5 15. exd5 g6 16. Qh6 Bf6 17. h4 Bg7 18. Qg5 Qxg5 19. hxg5 a6 20. Rh2 Bg4
21. Rdh1 h5 22. gxh6 Bxd4 23. Bxd4 Kh7 24. Bg7 Re8 25. Rh4 Bf5 26. Bxf5 gxf5 27. Rh5 Re2 28. Rxf5 Rxg2 29. Re1 Nd7 30. Re7 Rg1+
31. Kd2 Rg2+ 32. Kc3 Rg3+ 33. Kd4 Rd8 34. Bxh8 Kxh8 35. Rfxf7 Nf8 36. Rxb7 Rg1 37. Rb6 Rg6 38. Rxa6 Rxh6 39. a4 Ng6 40. Rf6 Kg7
41. Re6 Nxf4 42. Ra7+
1-0

[Event "3 for a win 1 for a draw"]
[Site "SchemingMind.com"]
[Date "2017.07.29"]
[Round "-"]
[White "Mitch The Man"]
[Black "Wojtek26"]
[Result "0-1"]
[WhiteCountry "USA"]
[BlackCountry "POL"]
[WhiteElo "1367"]
[WhiteRD "61"]
[BlackElo "1558"]
[BlackRD "47"]
[GameID "416840"]

1. e4 e5 2. Nf3 Nc6 3. c3 Nf6 4. Bd3 Bc5 5. h3 O-O 6. O-O d6 7. b4 Bb6 8. Kh2 Ne7 9. Bc2 Nd7 10. Bb3 Nf6
11. d3 Ng6 12. Be3 Bxe3 13. fxe3 Ne8 14. Qe1 Be6 15. Bxe6 fxe6 16. g3 a5 17. b5 b6 18. a4 Nf6 19. Ng5 Qe7 20. Nd2 h6
21. Ngf3 Nd7 22. Qb1 Nc5 23. d4 exd4 24. exd4 Nd7 25. d5 e5 26. Rc1 Nc5 27. c4 Rf7 28. h4 Raf8 29. Rf1 Qd7 30. Ra3 Qg4
31. Qd1 Nxe4 32. Nxe4 Qxe4 33. Rc3 Qg4 34. Qe2 e4 35. Rf2 exf3 36. Qf1 Nxh4 37. Qh3 Qd4 38. Rcc2 Ng6 39. Qe6 Ne5 40. Rcd2 Qxc4
41. Rc2 Qxa4 42. Kh3 Kh8 43. Ra2 Qxb5 44. Rab2 Qd7 45. Qxd7 Nxd7 46. Rbc2 Nc5
0-1

[Event "3 for a win 1 for a draw"]
[Site "SchemingMind.com"]
[Date "2017.07.29"]
[Round "-"]
[White "Kenny Elliott"]
[Black "Mitch The Man"]
[Result "1-0"]
[WhiteCountry "USA"]
[BlackCountry "USA"]
[WhiteElo "1595"]
[WhiteRD "72"]
[BlackElo "1367"]
[BlackRD "61"]
[GameID "416841"]

1. d4 d5 2. c4 e6 3. Nf3 f6 4. Nc3 Bb4 5. Bd2 Bxc3 6. Bxc3 Ne7 7. g3 O-O 8. Bg2 dxc4 9. O-O Nd5 10. Qc2 Nxc3
11. Qxc3 b5 12. Nd2 c6 13. a4 Ba6 14. axb5 Bxb5 15. Nxc4 a6 16. Rad1 Bxc4 17. Qxc4 Qe8 18. e4 Ra7 19. Rfe1 Rff7 20. e5 f5
21. d5 cxd5 22. Qd4 Rab7 23. Bf1 Rxb2 24. Ra1 Rfb7 25. Bxa6 R7b4 26. Qe3 Re4 27. Qa7 Rxe1+ 28. Rxe1 Nxa6 29. Qxa6 h6 30. Rc1 Kh7
31. Rc6 Rb1+ 32. Kg2 d4 33. Rxe6 Qd7 34. Rd6 Qb7+ 35. Qxb7 Rxb7 36. Rxd4 Re7 37. Rd5 h5 38. f4 g6 39. Rd6 Kh6 40. Kf3 Rb7
41. Rd3 Rb6 42. h3 Rc6 43. g4 hxg4+ 44. hxg4 fxg4+ 45. Kxg4
1-0

[Event "3 for a win 1 for a draw"]
[Site "SchemingMind.com"]
[Date "2017.07.30"]
[Round "-"]
[White "cnile"]
[Black "Kenny Elliott"]
[Result "1-0"]
[WhiteCountry "SCO"]
[BlackCountry "USA"]
[WhiteElo "1551"]
[WhiteRD "62"]
[BlackElo "1595"]
[BlackRD "72"]
[GameID "416842"]

1. d4 Nf6 2. c4 g6 3. Nf3 Bg7 4. Nc3 O-O 5. e3 d6 6. Be2 Nbd7 7. O-O c5 8. Bd2 b6 9. d5 Bb7 10. e4 Ng4
11. Rc1 e6 12. h3 Nge5 13. b3 exd5 14. exd5 Nxf3+ 15. Bxf3 Ne5 16. Re1 Nd3 17. Re2 Nxc1 18. Qxc1 Re8 19. Nb5 Rxe2 20. Bxe2 Qe7
21. Bf3 a6 22. Nc3 Re8 23. Ne4 Bc8 24. Bh6 Qh4 25. Bxg7 Kxg7 26. Qc3+ f6 27. Nxd6 Rd8 28. Nxc8 Rxc8 29. Qe3 Kf7 30. Qe6+ Kg7
31. Qxc8 Qd4 32. Qb7+ Kh6 33. Qc7 Qa1+ 34. Kh2 Qxa2 35. d6 Qd2 36. d7
1-0

[Event "3 for a win 1 for a draw"]
[Site "SchemingMind.com"]
[Date "2017.07.30"]
[Round "-"]
[White "Phillip Beckett"]
[Black "Kenny Elliott"]
[Result "0-1"]
[WhiteCountry "ENG"]
[BlackCountry "USA"]
[WhiteElo "1571"]
[WhiteRD "56"]
[BlackElo "1572"]
[BlackRD "77"]
[GameID "416843"]

1. d4 d5 2. e3 Nf6 3. Bd3 g6 4. f4 Bg4 5. Nf3 Ne4 6. Nbd2 Nxd2 7. Bxd2 Bg7 8. O-O O-O 9. c3 Nc6 10. Qe1 Bxf3
11. Rxf3 Re8 12. f5 e5 13. e4 exd4 14. Qb1 dxe4 15. Bxe4 dxc3 16. Bxc3 Nd4 17. Bxd4 Qxd4+ 18. Kf1 Rxe4 19. Qd1 Qxd1+ 20. Rxd1 Rae8
21. fxg6 hxg6 22. Rd7 Re1+ 23. Kf2 R8e2+ 24. Kg3 Be5+ 25. Kh3 f5 26. g4 Rxh2#
0-1

[Event "3 for a win 1 for a draw"]
[Site "SchemingMind.com"]
[Date "2017.07.30"]
[Round "-"]
[White "Kenny Elliott"]
[Black "kenneth m day"]
[Result "1/2-1/2"]
[WhiteCountry "USA"]
[BlackCountry "USA"]
[WhiteElo "1569"]
[WhiteRD "69"]
[BlackElo "1690"]
[BlackRD "62"]
[GameID "416844"]

1. d4 Nf6 2. c4 e6 3. Nc3 Bb4 4. Bd2 O-O 5. Nf3 Nc6 6. g3 d5 7. cxd5 exd5 8. Bg2 Re8 9. O-O Bg4 10. a3 Bxc3
11. bxc3 Qd7 12. Bf4 Rac8 13. Ne5 Nxe5 14. dxe5 Nh5 15. Qd4 c6 16. f3 Nxf4 17. Qxf4 Bh5 18. g4 Bg6 19. Qd4 b6 20. e4 Qe6
21. f4 h6 22. Rae1 Bxe4 23. Bxe4 dxe4 24. Rxe4 Qxg4+ 25. Kh1 Rcd8 26. Qf2 Rd3 27. Rg1 Qf3+ 28. Qxf3 Rxf3 29. Rg3 Rf2 30. Rg2 Rf3
31. Rg3 Rf1+ 32. Rg1 Rf3 33. Rg3 Rf1+=
1/2-1/2

[Event "3 for a win 1 for a draw"]
[Site "SchemingMind.com"]
[Date "2017.07.30"]
[Round "-"]
[White "Wojtek26"]
[Black "Kenny Elliott"]
[Result "0-1"]
[WhiteCountry "POL"]
[BlackCountry "USA"]
[WhiteElo "1558"]
[WhiteRD "47"]
[BlackElo "1595"]
[BlackRD "72"]
[GameID "416845"]

1. d4 Nf6 2. e3 g6 3. Nf3 Bg7 4. Bc4 d5 5. Be2 O-O 6. O-O Nc6 7. c4 Ne4 8. Nfd2 Nxd2 9. Nxd2 Bf5 10. cxd5 Nb4
11. g4 Bc2 12. Qe1 Nd3 13. Bxd3 Bxd3 14. b3 Bxf1 15. Qxf1 Qd7 16. Qg2 Rad8 17. Bb2 Qxd5 18. Qxd5 Rxd5 19. Rc1 Rc8 20. Ne4 e5
21. dxe5 Bxe5 22. Bxe5 Rxe5 23. Nf6+ Kg7 24. Nd7 Rd5 25. Nc5 Rg5 26. h3 h5 27. f4 Rd5 28. g5 b6 29. Ne4 Rd3 30. Rc3 Rd1+
31. Kf2 c5 32. Rc2 Rcd8 33. Nc3 R1d2+ 34. Rxd2 Rxd2+ 35. Kg3 Rc2 36. Nd5 Rxa2 37. Nc7 Rb2 38. Nb5 Rxb3 39. Nxa7 Rxe3+ 40. Kg2 c4
0-1

[Event "3 for a win 1 for a draw"]
[Site "SchemingMind.com"]
[Date "2017.08.01"]
[Round "-"]
[White "ray winteringham"]
[Black "Mitch The Man"]
[Result "1-0"]
[WhiteCountry "ENG"]
[BlackCountry "USA"]
[WhiteElo "1468"]
[WhiteRD "51"]
[BlackElo "1376"]
[BlackRD "62"]
[GameID "416925"]

1. e4 e5 2. Nf3 Bd6 3. Bc4 h6 4. d3 Ne7 5. Be3 O-O 6. Nc3 Nec6 7. h3 Na5 8. Nd2 Nxc4 9. Nxc4 a6 10. Qe2 b5
11. Nxd6 cxd6 12. O-O Bb7 13. Qg4 Qf6 14. Ne2 Bc8 15. Ng3 Qg6 16. Qe2 Nc6 17. Nf5 Ne7 18. Nxe7+
1-0

[Event "3 for a win 1 for a draw"]
[Site "SchemingMind.com"]
[Date "2017.08.01"]
[Round "-"]
[White "Kenny Elliott"]
[Black "ray winteringham"]
[Result "1-0"]
[WhiteCountry "USA"]
[BlackCountry "ENG"]
[WhiteElo "1572"]
[WhiteRD "77"]
[BlackElo "1468"]
[BlackRD "51"]
[GameID "416926"]

1. d4 d5 2. c4 e6 3. Nf3 Nc6 4. Nc3 Bb4 5. Bd2 dxc4 6. e4 Nge7 7. Bxc4 O-O 8. O-O Ba5 9. d5 Bxc3 10. Bxc3 Nb8
11. dxe6 f6 12. Qb3 b6 13. Rad1 Qe8 14. e5 f5 15. Rd7 Kh8 16. Rxe7 Qxe7 17. Bd5 c6 18. Bb4 c5 19. Bxc5 Qxc5 20. Bxa8 Nc6
21. Bxc6 Qxc6 22. e7 Re8 23. Qf7 Be6 24. Qf8+ Bg8 25. Re1 Qd7 26. e6 Qxe7 27. Qxf5 Bxe6 28. Qe5 Qb4 29. Ng5 Bg8 30. Qxe8
1-0

[Event "3 for a win 1 for a draw"]
[Site "SchemingMind.com"]
[Date "2017.08.01"]
[Round "-"]
[White "ray winteringham"]
[Black "cnile"]
[Result "0-1"]
[WhiteCountry "ENG"]
[BlackCountry "SCO"]
[WhiteElo "1468"]
[WhiteRD "51"]
[BlackElo "1475"]
[BlackRD "68"]
[GameID "416927"]

1. e4 e5 2. Nf3 Nc6 3. Bb5 a6 4. Bxc6 dxc6 5. O-O Bg4 6. h3 h5 7. d3 Bc5 8. Bg5 Bxf3 9. Qd2 f6 10. Bh4 Bxe4
11. dxe4 Qxd2 12. Nxd2 Ne7 13. Kh1 O-O-O 14. f3 Rxd2 15. Rac1 Ng6 16. Bg3 Rhd8 17. b3 Re2 18. a4 Rdd2 19. c4 h4
0-1

[Event "3 for a win 1 for a draw"]
[Site "SchemingMind.com"]
[Date "2017.08.01"]
[Round "-"]
[White "Phillip Beckett"]
[Black "ray winteringham"]
[Result "1/2-1/2"]
[WhiteCountry "ENG"]
[BlackCountry "ENG"]
[WhiteElo "1571"]
[WhiteRD "56"]
[BlackElo "1468"]
[BlackRD "51"]
[GameID "416928"]

1. d4 d5 2. e3 Nc6 3. f4 e6 4. Nf3 Bd6 5. c3 Nf6 6. Bd3 Bd7 7. O-O h6 8. Nbd2 a6 9. Ne5 Qe7 10. e4 dxe4
11. Nxe4 O-O-O 12. Nxd6+ cxd6 13. Nxd7 Nxd7 14. b4 Na7 15. a4 Kb8 16. Be3 Rc8 17. Qb3 d5 18. b5 a5 19. Rfc1 b6 20. c4 dxc4
21. Rxc4 f5 22. Rac1 Nf6 23. Rxc8+ Rxc8 24. Rxc8+ Nxc8 25. Qc2 Qb4 26. Kf2 Ng4+ 27. Kf3 Nxh2+ 28. Kg3 Ng4 29. Bd2 Qxd4 30. Bxf5 exf5
31. Bc3 Ne3 32. Bxd4 Nxc2 33. Bxg7 h5 34. Kh4 Ne3 35. Kxh5 Nd6 36. Be5 Kc7 37. Kg5 Kd7 38. Bd4 Nxg2 39. Bxb6 Nc4 40. Bd4 Nd6
41. Bb6 Nb7 42. Kxf5 Ke7 43. Ke5 Ne1 44. f5 Nd3+ 45. Ke4 Nb2 46. Bxa5 Nxa5=
1/2-1/2

[Event "3 for a win 1 for a draw"]
[Site "SchemingMind.com"]
[Date "2017.08.01"]
[Round "-"]
[White "ray winteringham"]
[Black "kenneth m day"]
[Result "0-1"]
[WhiteCountry "ENG"]
[BlackCountry "USA"]
[WhiteElo "1490"]
[WhiteRD "53"]
[BlackElo "1703"]
[BlackRD "62"]
[GameID "416929"]

1. e4 e5 2. Nf3 Nc6 3. Nc3 Nf6 4. Bc4 Nxe4 5. Bxf7+ Kxf7 6. Nxe4 Be7 7. d3 Rf8 8. O-O Kg8 9. Be3 d5 10. Ng3 Bg4
11. h3 Bxf3 12. gxf3 Bh4 13. Kh2 Qf6 14. c3 Qxf3 15. Qd2 Rae8 16. Rg1 d4 17. Bh6 Qxf2+ 18. Kh1 Bxg3 19. Qxf2 Bxf2 20. Rxg7+ Kh8
21. Rf1 Be3 22. Bxe3 Rxf1+ 23. Bg1 Kxg7
0-1

[Event "3 for a win 1 for a draw"]
[Site "SchemingMind.com"]
[Date "2017.08.02"]
[Round "-"]
[White "Wojtek26"]
[Black "ray winteringham"]
[Result "1/2-1/2"]
[WhiteCountry "POL"]
[BlackCountry "ENG"]
[WhiteElo "1596"]
[WhiteRD "45"]
[BlackElo "1468"]
[BlackRD "51"]
[GameID "416930"]

1. d4 d5 2. e3 e6 3. Nf3 Bd6 4. Bd3 Nc6 5. O-O b6 6. c4 Be7 7. Nc3 Nf6 8. b3 Bb7 9. Bb2 Qd7 10. Qc2 O-O-O
11. c5 Kb8 12. cxb6 cxb6 13. Ne2 Qc7 14. Rac1 Rc8 15. Bb5 Nd7 16. Qd2 f5 17. Nf4 Qd6 18. a3 a6 19. Bxc6 Bxc6 20. a4 g5
21. Ne2 g4 22. Ne1 h5 23. f3 Ka7 24. Ra1 h4 25. fxg4 fxg4 26. Ba3 Qxa3 27. Rxa3 Bxa3 28. Nc2 Bd6 29. Nb4 Nf6 30. Nxc6+ Rxc6
31. Rxf6 Kb7 32. Rxe6 Bxh2+ 33. Kxh2 Rxe6 34. Nf4 Rd6 35. g3 Rf6 36. Nxd5 hxg3+ 37. Kxg3 Rf3+ 38. Kxg4 Rhh3 39. Qc2 Rhg3+ 40. Kh5 Rh3+=
1/2-1/2

[Event "3 for a win 1 for a draw"]
[Site "SchemingMind.com"]
[Date "2017.08.04"]
[Round "-"]
[White "Mitch The Man"]
[Black "grabapawn"]
[Result "1-0"]
[WhiteCountry "USA"]
[BlackCountry "USA"]
[WhiteElo "1376"]
[WhiteRD "62"]
[BlackElo "1621"]
[BlackRD "55"]
[GameID "416994"]

1. e4 c5 2. c4 Nc6 3. Nf3 g6 4. a3 Bg7 5. h3 Nf6 6. Bd3 O-O 7. O-O b6 8. e5 Nh5 9. Bc2 Nxe5 10. Nxe5 d5
11. Nc6 Qd6 12. cxd5 Bd7 13. Be4 f5 14. Bf3 Nf6 15. Re1 Rfe8 16. Ne5 Nxd5 17. Bxd5+ Qxd5 18. Nxd7 Qxd7 19. Qb3+ Kh8 20. Re6 Rad8
21. Ra2 Rf8 22. Re2 e5 23. Qc2 h6 24. a4 e4 25. Kh1 Kh7 26. Ra3 a5 27. Qd1 Be5 28. Qc2 Qc6 29. Kg1 Rd4 30. Nc3 Qc7
31. Nb5 Qb8 32. Nxd4 cxd4 33. Re1 d3 34. Qc6 Rf6 35. Qd7+ Kg8 36. Qd5+ Kg7 37. Rb3 h5 38. Qd7+ Kh6 39. Qb5 Bh2+ 40. Kh1 Qf4
41. Rf1 g5 42. Qe8 g4 43. Qh8+ Kg5 44. Qg7+ Rg6 45. h4+ Kxh4 46. Qxg6 Bg3 47. Qf6+
1-0

[Event "3 for a win 1 for a draw"]
[Site "SchemingMind.com"]
[Date "2017.08.03"]
[Round "-"]
[White "grabapawn"]
[Black "Kenny Elliott"]
[Result "0-1"]
[WhiteCountry "USA"]
[BlackCountry "USA"]
[WhiteElo "1594"]
[WhiteRD "51"]
[BlackElo "1595"]
[BlackRD "72"]
[GameID "416995"]

1. e4 c5 2. d4 cxd4 3. c3 dxc3 4. Bc4 e5 5. Nf3 cxb2 6. Bxb2 d6 7. Nxe5 Qa5+ 8. Bc3 Qc5 9. Bxf7+ Ke7 10. Nd3 Qg5
11. Qf3 Bg4 12. Qf4 Qxf4 13. Nxf4 Kxf7 14. O-O Nf6 15. f3 Be6 16. Nxe6 Kxe6 17. Nd2 Nbd7 18. Rab1 b6 19. f4 Ke7 20. Rbe1 Kf7
21. e5 dxe5 22. fxe5 Nxe5 23. Bxe5 Bb4 24. Re2 Bxd2 25. Rxd2 Rhe8 26. Bxf6 gxf6 27. Rfd1 Re7 28. g4 Rg8 29. h3 h5 30. Rg2 hxg4
31. hxg4 Rg5 32. Kf2 a5 33. Kf3 b5 34. Rh2 Ree5 35. Rh7+ Ke6 36. Rdd7 f5 37. Rhe7+ Kf6 38. Rf7+ Kg6 39. gxf5+ Rgxf5+ 40. Rxf5 Rxf5+
41. Ke3 Rc5 42. Rd6+ Kf7 43. Kd3 b4 44. Ra6 Rc3+ 45. Kd4 Ra3 46. Kc4 Rxa2 47. Ra7+ Ke6 48. Ra6+ Ke5 49. Kb3 Ra3+ 50. Kc4 b3
51. Kc3 a4 52. Ra5+ Ke4 53. Rh5 Ra2 54. Rh4+ Kf5 55. Rh5+ Kg4 56. Rb5 Kf4 57. Rb4+ Ke3 58. Rh4 b2 59. Rh3+ Kf4 60. Kc2 a3
0-1

[Event "3 for a win 1 for a draw"]
[Site "SchemingMind.com"]
[Date "2017.08.03"]
[Round "-"]
[White "cnile"]
[Black "grabapawn"]
[Result "0-1"]
[WhiteCountry "SCO"]
[BlackCountry "USA"]
[WhiteElo "1551"]
[WhiteRD "62"]
[BlackElo "1594"]
[BlackRD "51"]
[GameID "416996"]

1. d4 c5 2. dxc5 Nc6 3. Nf3 b6 4. cxb6 axb6 5. a3 g6 6. g3 Bb7 7. Bg2 Bg7 8. Nbd2 Nf6 9. O-O d5 10. Rb1 O-O
11. Nb3 e5 12. e3 e4 13. Nfd4 Ne5 14. Bd2 Re8 15. Ne2 Nc4 16. Bc3 Bc8 17. Nbd4 Ng4 18. Nc6 Qg5 19. Ncd4 Qh6 20. Nf4 Ncxe3
21. fxe3 Nxe3 22. Qd2 Nxf1 23. Rxf1 Ra7 24. Re1 Bb7 25. Nb5 Bxc3 26. Qxc3 Ra5 27. Nd6 Re7 28. Nxb7 Ra7 29. Nd6 Qg5 30. Nc8 Rec7
31. Qb3 Rxc8 32. Qxb6 Rac7 33. Bh3 Rc6 34. Qd4 R8c7 35. c3 Rf6 36. Nxd5 Rcc6 37. Ne7+ Kg7 38. Nxc6 h5 39. Rxe4 Qc1+ 40. Bf1 Qxf1#
0-1

[Event "3 for a win 1 for a draw"]
[Site "SchemingMind.com"]
[Date "2017.08.03"]
[Round "-"]
[White "grabapawn"]
[Black "ray winteringham"]
[Result "1-0"]
[WhiteCountry "USA"]
[BlackCountry "ENG"]
[WhiteElo "1621"]
[WhiteRD "55"]
[BlackElo "1468"]
[BlackRD "51"]
[GameID "416997"]

1. e4 e5 2. d4 exd4 3. c3 dxc3 4. Bc4 cxb2 5. Bxb2 Nc6 6. Nf3 b6 7. O-O Bb7 8. Nbd2 f6 9. Qb3 Nh6 10. Rfe1 d6
11. Rad1 Na5 12. Qd3 Nxc4 13. Nxc4 Be7 14. Nh4 Qd7 15. f4 O-O-O 16. Rc1 Rhg8 17. Nf5 Nxf5 18. exf5 Qc6 19. Rc2 Qd7 20. Re3 c5
21. Rce2 g6 22. Rxe7 Qc6 23. R7e6 gxf5 24. Bxf6 Rdf8 25. Nxd6+ Kb8 26. Nxb7 Qxb7 27. Be7 Rf7 28. Bd6+ Ka8 29. Re8+
1-0

[Event "3 for a win 1 for a draw"]
[Site "SchemingMind.com"]
[Date "2017.08.03"]
[Round "-"]
[White "Phillip Beckett"]
[Black "grabapawn"]
[Result "1-0"]
[WhiteCountry "ENG"]
[BlackCountry "USA"]
[WhiteElo "1571"]
[WhiteRD "56"]
[BlackElo "1621"]
[BlackRD "55"]
[GameID "416998"]

1. d4 c5 2. e3 Nc6 3. c3 cxd4 4. exd4 Nf6 5. Bd3 g6 6. Nf3 Bg7 7. O-O d5 8. Re1 O-O 9. Ne5 Nxe5 10. dxe5 Ne4
11. Bxe4 dxe4 12. Qe2 f5 13. exf6 exf6 14. Qxe4 Bf5 15. Qc4+ Kh8 16. Be3 Rc8 17. Qb3 b6 18. Nd2 Re8 19. Nf3 h5 20. Rad1 Qc7
21. Nd4 Bd7 22. Nb5 Bxb5 23. Qxb5 Kh7 24. g3 Bf8 25. Rd7+ Qxd7 26. Qxd7+ Bg7 27. Bd2
1-0